Σύγχρονη διακυβέρνηση και έλεγχος του εγκλήματος
Saved in:
| Main Author: | |
|---|---|
| Other Authors: | |
| Format: | Book |
| Language: | Greek |
| Published: |
Αθήνα :
Νομική Βιβλιοθήκη,
2018.
|
| Subjects: | |
| Tags: |
Add Tag
No Tags, Be the first to tag this record!
|
MARC
| LEADER | 00000cam a2200000 a 4500 | ||
|---|---|---|---|
| 001 | 1/117830 | ||
| 008 | 190117syyyy####gr |||||||||||||| ||gre|| | ||
| 020 | |a 9789606225079 | ||
| 040 | |a GR-MyUa |b gre |c GR-MyUa |e AACR2 | ||
| 041 | 0 | |a gre | |
| 082 | 7 | |a 364 |2 (23) | |
| 100 | 1 | |a Μπακιρλή, Εριφύλη. | |
| 245 | 1 | 0 | |a Σύγχρονη διακυβέρνηση και έλεγχος του εγκλήματος / |c Εριφύλη Μπακιρλή ; πρόλογος Έφη Λαμπροπούλου. |
| 260 | |a Αθήνα : |b Νομική Βιβλιοθήκη, |c 2018. | ||
| 300 | |a 200 σ. ; |c 21 εκ. | ||
| 650 | 0 | |a Crime prevention. | |
| 650 | 0 | |a Crime |x Government policy. | |
| 650 | 0 | |a Criminology. | |
| 700 | 1 | |a Λαμπροπούλου, Έφη Π. |e aui | |
| 852 | |a INST |b LESVOS |e 20190117 |h 364 ΜΠΑ |p 005100060652 |q 005100060652 |t BK |y 0 | ||
| 970 | |a Καμάτσου |b Δέσποινα |z 17-01-2019 | ||